MDQL
is popping MORE tags! Check the
thread
!
Quizzes
Events
Quiz Creation
Community
Videos
Private Events
Remove Ads
Sign In
Join for FREE
Feedback
Dark Mode
Quiz Categories
Sports
Geography
Music
Movies
Television
Just For Fun
Miscellaneous
History
Literature
Language
Science
Gaming
Entertainment
Religion
Holiday
For Kids
Quiz Lab
Recent
Popular Today
Quiz Kudos Today
Editor Picks
Curator Picks
Quizzes by...
Day
Popularity
Type
Ratings
Length
Year
Community
Subscriptions
Recent Discussions
Orange Saloon
Badges
Playlists
Quests
Create
Leaderboards
Showdown
Live 5
Trivia Bingo
Activity
Puzzle Library
Sporcle Events
Private Events
Virtual Trivia
Globe League
Become a Host
Pub Owners
SporcleCon
Opinionation
Our Games
Videos
Blog
Mobile Apps
Partnerships
Remove Ads and Go Orange
Feedback
Gaming
Video Games
Board Games
Card Games
Pokémon
Mario
Nintendo
Minecraft
Console
Toys
Legend of Zelda
Gaming
Video Games
Board Games
Card Games
Pokémon
Mario
Nintendo
Minecraft
Console
Toys
Legend of Zelda
Random Quiz
Search Sporcle
×
Quiz Lab
Quiz Lab
Gaming
World
Type in answers that appear in a list
Type in answers that appear in a list
Classic
Best Score? Go Orange.
Super Meat Boy warp zones Stats
Can you name the Super Meat Boy warp zones?
By
miarf
10m
20 Questions
27 Plays
27 Plays
27 Plays
Comments
Comments
Give Quiz Kudos
Give Quiz Kudos
-
- Ratings
hide this ad
More Info
Replay
Link that replays current quiz
Next Quiz
Link to next quiz in quiz playlist
You Got
0%
They Got
Avg Score
60%
Avg Friend Score
Upgrade to see
Score Distribution
Jump to the score distribution portion of the page
Score
0/20
Timer
10:00
0
Plays Today
world
level name
% Correct
Forest
The Commander!
85.2%
Rapture
The Guy!
77.8%
Hospital
The Bootlicker!
74.1%
Rapture
Skyscraper
70.4%
Salt Factory
The Jump Man!
66.7%
Hell
The Fly Guy!
66.7%
Forest
Sky Pup
63%
Rapture
Sunshine Island
63%
Hospital
Castle Crushers
59.3%
Hell
MMMMMM
59.3%
world
level name
% Correct
Rapture
Meat is Death
59.3%
Salt Factory
Kontra
55.6%
Hell
The Key Master
55.6%
Forest
Hand Held Hack
51.9%
Forest
Space Boy
51.9%
Salt Factory
Cartridge Dump
51.9%
Salt Factory
Tunnel Vision
51.9%
Hospital
1977
48.1%
Hell
Brimstone
48.1%
Hospital
The Blood Shed
40.7%
Quiz Playlist
Details
Report
Send in Message
Add To Playlist
More Info:
Doesn't include glitch levels.
Classic:
Type in answers that appear in a list
Last Updated: Feb 16, 2017
Quiz Scoreboard
CHALLENGE
Sign Up to Join the Scoreboard
Show All
Scores
Hide
Comments
May contain spoilers
Recently Published
1-10 Letter E Words III
by El_Dandy
Language
2m
Street Fighter Characters
by Artimus82
Gaming
60s
College Basketball Coaching Resumes
by pancakes188
Sports
9m
More to Explore
Quiz From the Vault
Featured Blog Post
Where Did the Easter Bunny Come From?
hide this ad
You Might Also Like...
Tags
Nintendo Quiz
World Quiz
Boy
Level
meat
Warp
Zone
Today's Top Quizzes in Gaming
Browse Gaming
hide this ad
Today's Top Quizzes in World
Browse World
Top Contributed Quizzes in Gaming
1
5-to-1: Consoles
2
7-to-1: Board Game Piece Blitz
3
5-to-1: Legend of Zelda
4
League of Legends Pro Players by Career/Team History
5
Destiny 2 exotic weapons by perk icons
6
Ultimate Genshin Impact Logic Puzzle (up to 4.3)
7
Franchise by Action Figure
8
Who's on the WWE 2K24 Cover?
9
Genshin Impact Logic Puzzle Quiz
10
Order the Pokémon Regions
Explore More
Trending Topics
Marvel
Crossword
Harry Potter
NBA
Anime
Kpop
Disney
Song
Puzzle
The Office
Soccer
Country
WWE
NFL
Pokémon
hide this ad
More By:
miarf
Quiz
Plays
Rating
Category
Featured
Created
Hotline Miami masks
713
5.00
Gaming
Dec 12, 2012
Hotline Miami weapons
184
5.00
Gaming
Dec 12, 2012
Super Meat Boy levels
169
5.00
Gaming
Nov 4, 2012
Hotline Miami chapters
120
5.00
Gaming
Dec 12, 2012
Super Meat Boy - Chapter 1 Level names
78
3.67
Gaming
Nov 4, 2012
Go to Creator's Profile
Score Distribution
Quiz Creator Spotlight
miarf
Follow
Send a Message
Quizzes Created
-
Created Quiz Play Count
-
More By This Creator
Popular Quizzes Today
1
Find the US States - No Outlines Minefield
2
Find the Countries of Europe - No Outlines Minefield
3
The Countries of the World
4
Find the US States
5
Risky Map Clicking: Biggest States A-Z
6
US States
7
Popular People in 1961
8
Movies - When Are They Set?
More Gaming Quizzes
Click a 16-Bit Hero
Published
Trending Quizzes
Risky Map Clicking: Least Populous States A-Z
Billboard Blitz: Aretha Franklin
Famous Russians: Author or Composer?
1-10 Letter G Words
Countries of the World: 200 Million BC
Recently Updated
Leaping Animals
pecheneg
Reality TV Shows (A-Z)
bhenderson79
Rickey Henderson's Hall of Fame Teammates
pecheneg
Champions League XIs: Arsenal
pecheneg
Quick Pick: Celebrities in WWE's Hall of Fame
aduchscher
A-Z Keypad Blitz II
pecheneg
Multiple Oscar Actors
pecheneg
Mystery Phrase Blitz: Oscar 'Best Actors'
pecheneg
F. Scott Fitzgerald Novels
LTH
Pick 3 Villains
ddd62291
Trending Topics
Anime
Harry Potter
Marvel
Crossword
NBA
Disney
Kpop
Puzzle
WWE
Country
The Office
Soccer
NFL
Pokémon
Song
Your Account Isn't Verified!
In order to create a playlist on Sporcle, you need to verify the email address you used during registration. Go to your
Sporcle Settings
to finish the process.
Report this User
Report this user for behavior that violates our
Community Guidelines
.
Details:
Send Report
Go to the Sporcle.com Mobile Site →
Comments